Estrutura do átomo (Record no. 142468)

MARC details
000 -LÍDER
campo de controle de tamanho fixo 00769 a2200181 4500
001 - NÚMERO DE CONTROLE
campo de controle 142468
040 ## - FONTE DA CATALOGAÇÃO
Instituição que transcreveu o registro Leonardo Da Vinci
041 ## - CÓDIGO DE IDIOMA
Código do idioma do texto/trilha sonora ou título diferente Português
082 ## - CDD - CLASSIFICAÇÃO DECIMAL DE DEWEY
Número de Classificação v210
100 ## - ENTRADA PRINCIPAL--NOME PESSOAL
Nome pessoal EDUCACIONAL SHOP VIDEO
245 ## - TÍTULO
Título Estrutura do átomo
250 ## - EDIÇÃO
Edição v.1-2
260 ## - PUBLICAÇÃO, DISTRIBUIÇÃO, ETC.
Nome do editor, distribuidor, etc. ESV
Local de publicação, distribuição, etc. São Paulo
490 ## - TÍTULO DA SÉRIE
Título da série TV Ontario
520 ## - NOTA DE RESUMO, ETC
Resumo, etc. História e a evolução do modelo atômico, das hipóteses dos<br/>primeiros filósofos gregos até o modelo mecânico ondulatório dos físicos<br/>atômicos modernos. Experiências feitas pelos cientistas (Bohr, de<br/>Broglie, Faraday e Rutherford) usando a eletricidade, radioatividade e<br/>espectrocopia
697 ## - ENTRADA DE ASSUNTO LOCAL--ENTIDADE COLETIVA (RLIN)
Nome corporativo ou nome da jurisdição Química
-- Átomos
-- Estrutura
-- Modelo de Rutherford
-- Modelo de Bohr
-- Espectro
-- Modelo Mecânico
-- Ondulatório
942 ## - ELEMENTOS DE ENTRADA ADICIONADOS (KOHA)
Tipo de material Koha Materiais visuais
Holdings
Situação do descarte Situação das perdas Situação física Não pode ser emprestado Biblioteca de origem Biblioteca atual Data de aquisição Total de empréstimos Número de chamada completo Código de barras Data de último acesso Data do preço efetivo Tipo de material Koha
        Leonardo Da Vinci - Alphaville 1 Leonardo Da Vinci - Alphaville 1 27/03/2024   v210 A0227LVA 27/03/2024 27/03/2024 Materiais visuais